[Event "XXVII e Open de Metz"]
[Site "Palais des Sports de Metz"]
[Date "2009.04.13"]
[Round "4.9"]
[White "Barsov, Alexei"]
[Black "Chatalbashev, Boris"]
[Result "1/2-1/2"]
[WhiteElo "2505"]
[BlackElo "2571"]
[Annotator ""]
[Source ""]
[Remark ""]

1.d4 Nf6 2.c4 e6 3.Nc3 Bb4 4.e3 b6 5.Be2 Bb7 6.Bf3 Bxf3 7.Nxf3
O-O 8.Bd2 c5 9.O-O {Diagramme #} Nc6 10.a3 Bxc3 11.Bxc3 Ne4 12.Rc1
cxd4 13.Nxd4 Rc8 14.f3 Nxc3 15.Rxc3 Qe7 16.Rf2 1/2-1/2

[Event "XXVII e Open de Metz"]
[Site "Palais des Sports de Metz"]
[Date "2009.04.13"]
[Round "4.10"]
[White "Balogh, Csaba"]
[Black "Grigorov, Grigor"]
[Result "1-0"]
[WhiteElo "2609"]
[BlackElo "2488"]
[Annotator ""]
[Source ""]
[Remark ""]

1.e4 c5 2.Nf3 e6 3.d4 cxd4 4.Nxd4 Nf6 5.Nc3 d6 6.f3 a6 7.g4 b5
8.g5 Nfd7 9.Be3 Bb7 10.Qd2 Nb6 11.a4 Nc4 {Diagramme #} 12.Bxc4
bxc4 13.a5 Nd7 14.Na4 d5 15.O-O-O dxe4 16.f4 Bd5 17.Qc3 Qc7 18.Ne2
Qc6 19.Nb6 Nxb6 20.Bxb6 Rg8 21.f5 Bc5 22.fxe6 fxe6 23.Nf4 Bxb6
24.Nxd5 Bc5 25.Nb6 Bxb6 26.axb6 Qxb6 27.Rd4 Rd8 28.Rxc4 Rf8 29.Kb1
Rf7 30.Rxe4 Kf8 31.Qh3 Qb5 32.Rhe1 Qxg5 33.Qxh7 Rf6 34.Qh3 Rd6
{Diagramme #} 35.Qa3 Qd2 36.R4e2 Qd5 37.c4 Qf5+ 38.Ka1 Ke7 39.Rd2
e5 40.Red1 1-0

[Event "XXVII e Open de Metz"]
[Site "Palais des Sports de Metz"]
[Date "2009.04.13"]
[Round "4.40"]
[White "Dreux, Vincent"]
[Black "Imbert, Gerard"]
[Result "1-0"]
[WhiteElo "1940"]
[BlackElo "1732"]
[Annotator ""]
[Source ""]
[Remark ""]

1.c4 Nf6 2.Nc3 e6 3.e3 d5 4.b3 Be7 5.d4 O-O 6.g3 c6 7.Bg2 Na6
8.Nge2 Nc7 9.e4 Nxe4 10.Nxe4 dxe4 11.Bxe4 Bb4+ 12.Bd2 {Diagramme #}
Qe7 13.O-O Bxd2 14.Qxd2 Rd8 15.Qc2 g6 16.Rad1 Bd7 17.Rd2 f5 18.Bg2
Be8 19.Re1 e5 20.Nf4 e4 21.f3 Qf6 22.fxe4 Rxd4 23.Rf2 Qe5 24.Ne2
Rd7 25.exf5 Qe3 26.Qe4 Re7 27.Qxe3 Rxe3 28.fxg6 Bxg6 29.Rd1 Re7
30.Nf4 Rae8 31.Rfd2 Be4 32.Bxe4 Rxe4 33.Rd7 R4e7 34.Kf2 Na6 35.Rd8
Kf7 36.Rxe8 Kxe8 37.Re1 Rxe1 38.Kxe1 Nb4 39.a4 Nc2+ 40.Kd2 Nd4
41.Kc3 Nf3 42.h3 {Diagramme #} Kf7 43.b4 a6 44.Kd3 Kf6 45.Ke3
Ne5 46.Kd4 Nd7 47.Nd3 b6 48.a5 bxa5 49.bxa5 Kg5 50.Nc5 1-0

[Event "XXVII e Open de Metz"]
[Site "Palais des Sports de Metz"]
[Date "2009.04.14"]
[Round "5.1"]
[White "Guliyev, Namig"]
[Black "Bauer, Christian"]
[Result "1/2-1/2"]
[WhiteElo "2534"]
[BlackElo "2605"]
[Annotator ""]
[Source ""]
[Remark ""]

1.e4 {[%emt 0:00:00]} d5 2.exd5 Qxd5 3.Nc3 Qa5 4.d4 Nf6 5.Nf3
Bf5 6.Bd2 c6 7.Bc4 e6 8.Qe2 Bb4 9.a3 Nbd7 10.O-O Bxc3 11.Bxc3
Qc7 12.a4 a5 13.Ne5 Nb6 14.Bb3 h6 15.Rfd1 O-O 16.Bd2 Rfd8 17.Bf4
{Diagramme #} 1/2-1/2

[Event "XXVII e Open de Metz"]
[Site "Palais des Sports de Metz"]
[Date "2009.04.14"]
[Round "5.9"]
[White "Drenchev, Petar"]
[Black "David, Alberto"]
[Result "0-1"]
[WhiteElo "2450"]
[BlackElo "2587"]
[Annotator ""]
[Source ""]
[Remark ""]

1.d4 Nf6 2.c4 e6 3.Nc3 Bb4 4.Qc2 O-O 5.a3 Bxc3+ 6.Qxc3 b6 7.Bg5
Ba6 8.Nf3 d6 9.Nd2 Nbd7 10.e4 h6 11.Bh4 c5 12.dxc5 Nxc5 13.Bxf6
Qxf6 14.Qxf6 gxf6 15.b4 Na4 16.h4 Rac8 17.Rh3 Rfd8 18.Rf3 Kg7
19.Rb3 Kf8 20.Bd3 Bb7 21.Ke2 d5 22.cxd5 exd5 23.f3 dxe4 24.fxe4
f5 25.Ke3 Nc3 26.exf5 Nd5+ 27.Kf3 Nxb4+ 28.Be4 Bxe4+ 29.Kxe4
Nc2 30.Rd1 Rd4+ 31.Kf3 Rc5 {Diagramme #} 0-1

[Event "XXVII e Open de Metz"]
[Site "Palais des Sports de Metz"]
[Date "2009.04.14"]
[Round "5.13"]
[White "Nijboer, Friso"]
[Black "Le Quang, Kim"]
[Result "1-0"]
[WhiteElo "2562"]
[BlackElo "2333"]
[Annotator ""]
[Source ""]
[Remark ""]

1.e4 {[%emt 0:00:00]} c5 2.Nf3 d6 3.d4 cxd4 4.Nxd4 Nf6 5.Nc3
a6 6.Be3 e5 7.Nb3 Be6 8.f3 Be7 9.Qd2 h5 10.Nd5 Nxd5 11.exd5 Bf5
12.c4 b6 13.Be2 Bh4+ 14.g3 Bf6 15.Qb4 Nd7 16.Qxd6 Be7 17.Qc6
Rc8 18.Qa4 O-O 19.Qxa6 Bb4+ 20.Kf2 Qe7 21.Qb5 Bc2 22.a3 Bd6 23.Rac1
Bxb3 24.Qxb3 f5 25.Kg2 f4 26.Bf2 Nc5 27.Qc2 e4 28.Bxc5
( 28.b4 exf3+ 29.Bxf3 Nd7 ) Bxc5 29.Qxe4 Qg5 30.Bd3 Rce8 31.Qh7+
Kf7 32.Rce1 Kf6 33.Re6+ Rxe6 34.dxe6 fxg3 35.f4 Qg4 36.hxg3 Bd4
37.e7 Re8 38.Qxh5 Qxh5 39.Rxh5 Bxb2 40.a4 Rxe7 41.Rf5+ Ke6 42.a5
bxa5 43.Rxa5 Kd6 44.Kf3 Rc7 45.Rd5+ Kc6 46.Be4 {Diagramme #} 1-0

[Event "XXVII e Open de Metz"]
[Site "Palais des Sports de Metz"]
[Date "2009.04.14"]
[Round "5.14"]
[White "Hamdouchi, Hicham"]
[Black "Barsov, Alexei"]
[Result "1/2-1/2"]
[WhiteElo "2596"]
[BlackElo "2505"]
[Annotator ""]
[Source ""]
[Remark ""]

1.e4 {[%emt 0:00:00]} e6 2.d4 d5 3.Nd2 c5 4.exd5 Qxd5 5.Ngf3
cxd4 6.Bc4 Qd6 7.O-O Nf6 8.Nb3 Nc6 9.Nbxd4 Nxd4 10.Nxd4 a6 11.Re1
Qc7 12.Bd3 Bd6 13.Nf5 Bxh2+ 14.Kh1 Kf8 15.g3 exf5 {Diagramme #} 1/2-1/2

[Event "XXVII e Open de Metz"]
[Site "Palais des Sports de Metz"]
[Date "2009.04.14"]
[Round "5.17"]
[White "Petkov, Vladimir"]
[Black "Pucher, Sebastien"]
[Result "0-1"]
[WhiteElo "2481"]
[BlackElo "2278"]
[Annotator ""]
[Source ""]
[Remark ""]

1.d4 Nf6 2.Nf3 g6 3.c4 Bg7 4.Nc3 d5 5.Bg5 Ne4 6.Bf4 Nxc3 7.bxc3
dxc4 8.e3 Be6 9.Rb1 Nd7 10.Ng5 Bd5 11.e4 h6 12.exd5 hxg5 13.Bxg5
Nb6 14.Bxc4 Nxc4 15.Qa4+ Qd7 16.Qxc4 Rh5 17.h4 O-O-O 18.Rb5 Bh6
19.Bxh6 Rxh6 20.f3 g5 21.h5 g4 22.Rc5 gxf3 23.gxf3 Rg8 24.Kf2
Qd6 {Diagramme #} 25.Rh3 $19 ( 25.Qf1 $15 ) ( 25.Ke3 $15 ) Qf4
26.Qd3 Qg5 27.d6 Qg1+ {Diagramme #} 0-1

[Event "XXVII e Open de Metz"]
[Site "Palais des Sports de Metz"]
[Date "2009.04.14"]
[Round "5.21"]
[White "Iglesias, Joachim"]
[Black "Bokros, Albert"]
[Result "0-1"]
[WhiteElo "2229"]
[BlackElo "2483"]
[Annotator ""]
[Source ""]
[Remark ""]

1.d4 e6 2.c4 b6 3.e4 Bb7 4.Bd3 Nc6 5.Ne2 Nb4 6.O-O Nxd3 7.Qxd3
g6 8.Nbc3 Bg7 9.f4 Ne7 10.d5 d6 11.Be3 Qd7 12.Ng3 O-O-O 13.f5
gxf5 14.exf5 Bxc3 15.fxe6 fxe6 16.Qxc3 exd5 17.Rae1 dxc4 18.Qxc4
Nd5 19.Bg5 Rde8 20.Rxe8+ Rxe8 21.Ne4 Kb8 22.Nf6 Nxf6 23.Bxf6
c5 24.Bc3 Qc6 25.Rf2 a5 26.Qh4 Rg8 27.Qh3 Qe4 28.a3 d5 29.Qh6
d4 0-1

[Event "XXVII e Open de Metz"]
[Site "Palais des Sports de Metz"]
[Date "2009.??.??"]
[Round "6.3"]
[White "David, Alberto"]
[Black "Guliyev, Namig"]
[Result "1/2-1/2"]
[WhiteElo "2587"]
[BlackElo "2534"]
[Annotator ""]
[Source ""]
[Remark ""]

1.e4 e5 2.Nf3 Nf6 3.d4 Nxe4 4.Bd3 d5 5.dxe5 Nc5 6.Be2 Be7 7.O-O
O-O 8.Be3 Nc6 9.Nc3 Be6 10.a3 Qd7 11.Qe1 Ne4 12.Rd1 Nxc3 13.Qxc3
a6 14.Bc5 Rad8 15.Bxe7 Qxe7 16.Rfe1 Rd7 17.b4 Rfd8 18.Nd4 Nxd4
19.Rxd4 Rc8 20.Bd3 a5 21.h3 axb4 22.axb4 c6 23.f4 f5 {Diagramme #}
24.exf6 1/2-1/2

[Event "XXVII e Open de Metz"]
[Site "Palais des Sports de Metz"]
[Date "2009.??.??"]
[Round "6.4"]
[White "Zubarev, Alexander"]
[Black "Borovikov, Vladislav"]
[Result "1/2-1/2"]
[WhiteElo "2566"]
[BlackElo "2584"]
[Annotator ""]
[Source ""]
[Remark ""]

1.d4 {[%emt 0:00:00]} d5 2.c4 c6 3.Nf3 Nf6 4.cxd5 cxd5 5.Nc3
Nc6 6.Bf4 Bf5 7.e3 e6 8.Bd3 Bxd3 9.Qxd3 Bd6 10.Bxd6 Qxd6 11.a3
O-O 12.O-O Rac8 13.b4 a5 14.Na4 Nd7 {Diagramme #} 1/2-1/2

[Event "XXVII e Open de Metz"]
[Site "Palais des Sports de Metz"]
[Date "2009.??.??"]
[Round "6.7"]
[White "Barsov, Alexei"]
[Black "Spraggett, Kevin"]
[Result "0-1"]
[WhiteElo "2505"]
[BlackElo "2601"]
[Annotator ""]
[Source ""]
[Remark ""]

1.d4 Nf6 2.Nf3 e6 3.c4 c5 4.d5 exd5 5.cxd5 d6 6.Nc3 g6 7.h3 Bg7
8.e4 O-O 9.Bd3 a6 10.a4 Nh5 11.O-O Nd7 12.Bg5 Bf6 13.Bh6 Re8
14.Qd2 Ne5 15.Nxe5 Bxe5 16.Bg5 Bf6 17.Be3 Bd7 18.g4 Ng7 19.f3
h5 20.a5 b5 21.axb6 Qxb6 22.Ra2 a5 23.Rfa1 Reb8 24.Nd1 a4 25.Bc2
hxg4 26.hxg4 Qa6 27.Nc3 Rb4 28.Nxa4 Qb7 29.Nc3 Rxa2 30.Rxa2 Rxb2
31.Rxb2 Qxb2 32.Nd1 Qa1 33.Bg5 Be5 34.Bf4 Bd4+ 35.Be3 Qa2 36.Bxd4
cxd4 37.Qd3 {flag fell} 0-1

[Event "XXVII e Open de Metz"]
[Site "Palais des Sports de Metz"]
[Date "2009.??.??"]
[Round "6.9"]
[White "Epishin, Vladimir"]
[Black "Lalic, Bogdan"]
[Result "1/2-1/2"]
[WhiteElo "2591"]
[BlackElo "2508"]
[Annotator ""]
[Source ""]
[Remark ""]

1.d4 e6 2.c4 Bb4+ 3.Bd2 a5 4.Nf3 Nf6 5.Qc2 d5 6.a3 Be7 7.Nc3
O-O 8.Rd1 Nbd7 9.Bg5 c6 10.e3 h6 11.Bh4 dxc4 12.Bxc4 b5 13.Bd3
Bb7 14.O-O Rc8 15.Qe2 b4 16.Na4 Nd5 17.Bxe7 Qxe7 18.Rc1 c5 19.Ba6
Bxa6 20.Qxa6 Ra8 21.Qd3 Rfc8 {Diagramme #} 1/2-1/2

[Event "XXVII e Open de Metz"]
[Site "Palais des Sports de Metz"]
[Date "2009.??.??"]
[Round "6.15"]
[White "Van Rienen, Willy"]
[Black "Hamdouchi, Hicham"]
[Result "0-1"]
[WhiteElo "2050"]
[BlackElo "2596"]
[Annotator ""]
[Source ""]
[Remark ""]

1.e4 c5 2.Nf3 Nc6 3.Bc4 e6 4.O-O a6 5.d4 cxd4 6.Nxd4 Qc7 7.Nxc6
Qxc6 8.Qe2 Be7 9.Bf4 b5 10.Bd3 Bb7 {Diagramme #} 11.Nd2 Nf6 12.Rfe1
O-O 13.Nf3 d6 14.Rad1 Rfe8 15.a3 Rad8 16.h3 h6 17.Bd2 Qc7 18.Bc3
e5 19.Qd2 Qb8 20.Qe3 Bf8 21.Ba5 Rc8 22.Nd2 d5 23.c3 Bc5 24.Qf3
Re6 25.Bb1 dxe4 26.Bxe4 Nxe4 27.Nxe4 Bc6 28.Qd3 Ba7 29.Nd6 Rf8
{Diagramme #} 30.Bb4 Rd8 31.Rd2 a5 32.Bxa5 Rdxd6 33.Qe2 Rg6 34.g4
e4 35.Bb4 Rxd2 36.Qxd2 Qg3+ 37.Kf1 Qxh3+ 0-1

[Event "XXVII e Open de Metz"]
[Site "Palais des Sports de Metz"]
[Date "2009.??.??"]
[Round "6.38"]
[White "Dreux, Vincent"]
[Black "Lukas, Hubertus"]
[Result "1-0"]
[WhiteElo "1940"]
[BlackElo "1759"]
[Annotator ""]
[Source ""]
[Remark ""]

1.c4 f6 2.Nc3 Nh6 3.g3 Nf7 4.Bg2 c6 5.d4 e6 6.e4 Bb4 7.Nge2 O-O
8.O-O Bxc3 9.Nxc3 d6 10.b3 Re8 11.Qc2 Nd7 12.Bb2 Nf8 13.Rad1
Qc7 14.Rd2 Bd7 15.f4 Rac8 16.Qd3 Re7 17.Re1 Nh6 18.Kh1 Be8 19.h3
Rd8 20.Qf3 Qa5 21.Red1 b5 22.c5 d5 23.a3 Qc7 24.g4 Ng6 25.g5
Nh4 26.Qg3 fxg5 27.Qxg5 Ng6 28.f5 exf5 29.exd5 cxd5 30.Nxd5 Rxd5
31.Bxd5+ Bf7 32.Bxf7+ Nxf7 33.Qg1 f4 34.d5 Re3 35.Rd3 Qxc5 36.Rc1
Qe7 37.Rxe3 fxe3 38.Re1 Qe4+ 39.Qg2 Qxg2+ 40.Kxg2 Nf4+ 41.Kf3
Nxd5 42.Ke4 Ne7 43.Rxe3 h6 44.Bd4 Ng5+ 45.Ke5 Kf7 46.Bc5 Ng6+
47.Kf5 Nh4+ 48.Kg4 Ng6 49.Bxa7 Ne7 50.Bc5 Nd5 51.Rd3 Nf6+ 52.Kf5
Ne6 53.Bf2 {Diagramme #} g6+ 54.Ke5 Ke7 55.a4 bxa4 56.bxa4 Nd7+
57.Rxd7+ Kxd7 58.Be3 g5 59.a5 Nc7 60.Kf5 Ke7 61.Kg6 Ke6 62.Kxh6
Kf7 63.Kxg5 Kg7 64.Kf5 Kh7 65.h4 Na6 66.h5 Nb8 67.Ke6 Na6 68.Kd6
Nb4 69.Kc5 Nd3+ 70.Kb5 Ne5 71.a6 Ng4 72.Bc1 Nf6 73.a7 1-0

[Event "XXVII e Open de Metz"]
[Site "Palais des Sports de Metz"]
[Date "2009.??.??"]
[Round "7.1"]
[White "Iordachescu, Viorel"]
[Black "Vernay, Clovis"]
[Result "1/2-1/2"]
[WhiteElo "2608"]
[BlackElo "2440"]
[Annotator ""]
[Source ""]
[Remark ""]

1.e4 e6 2.d4 d5 3.Nd2 dxe4 4.Nxe4 Nd7 5.g3 Be7 6.Bg2 Ngf6 7.Nxf6+
Bxf6 8.Ne2 e5 9.O-O O-O 10.d5 Be7 11.c4 f5 12.Nc3 e4 13.f3 Bc5+
14.Kh1 exf3 15.Bxf3 Ne5 16.Na4 Be7 17.Bf4 Nxf3 18.Qxf3 Bd7 19.Nc3
Bd6 20.Qf2 b6 21.a4 Qf6 22.a5 Bc5 {Diagramme #} 23.Be3 Bd6 24.Bf4
Bc5 25.Be3 Bd6 1/2-1/2

[Event "XXVII e Open de Metz"]
[Site "Palais des Sports de Metz"]
[Date "2009.??.??"]
[Round "7.3"]
[White "Spraggett, Kevin"]
[Black "Czebe, Attila"]
[Result "1/2-1/2"]
[WhiteElo "2601"]
[BlackElo "2472"]
[Annotator ""]
[Source ""]
[Remark ""]

1.c4 b6 2.b3 c5 3.Bb2 Bb7 4.Nf3 e6 5.e3 Nf6 6.Be2 Be7 7.O-O O-O
8.d4 cxd4 9.Nxd4 d5 10.cxd5 Nxd5 11.Nc3 Ba3 12.Bxa3 Nxc3 13.Qd2
Nxe2+ 14.Qxe2 Re8 15.Rfd1 Qg5 16.Nf3 Qa5 17.Bb2 Nc6 18.Rd7 Re7
19.Qd3 Ba6 20.Qd6 Rxd7 21.Qxd7 Qd5 22.Qc7 Rd8 23.h3 {Diagramme #}
Qd6 24.Qxd6 Rxd6 25.Rc1 Bb7 26.b4 b5 27.Nd4 Nxd4 28.Bxd4 Rc6
29.Bc5 Rc8 30.Rd1 Bd5 31.a3 f5 32.Bxa7 1/2-1/2

[Event "XXVII e Open de Metz"]
[Site "Palais des Sports de Metz"]
[Date "2009.??.??"]
[Round "7.5"]
[White "Borovikov, Vladislav"]
[Black "David, Alberto"]
[Result "1/2-1/2"]
[WhiteElo "2584"]
[BlackElo "2587"]
[Annotator ""]
[Source ""]
[Remark ""]

1.d4 Nf6 2.Nf3 e6 3.c4 d5 4.Nc3 Be7 5.Bg5 h6 6.Bh4 O-O 7.e3 b6
8.Bd3 Bb7 9.O-O Nbd7 10.Bg3 c5 11.Qe2 Ne4 12.cxd5 exd5 13.Rad1
Qc8 14.Rc1 Re8 15.b3 Bf8 16.Rfd1 Ndf6 17.Bb5 Nxc3 18.Rxc3 Ne4
19.Rcc1 Rd8 20.Bh4 g5 21.Bg3 Qe6 22.dxc5 bxc5 23.Bc7 a6 24.Bd3
Re8 25.Ba5 {Diagramme #} 1/2-1/2

[Event "XXVII e Open de Metz"]
[Site "Palais des Sports de Metz"]
[Date "2009.??.??"]
[Round "7.6"]
[White "Guliyev, Namig"]
[Black "Zubarev, Alexander"]
[Result "1-0"]
[WhiteElo "2534"]
[BlackElo "2566"]
[Annotator ""]
[Source ""]
[Remark ""]

1.e4 d6 2.d4 Nf6 3.Nc3 g6 4.Nf3 Bg7 5.h3 O-O 6.Be3 c6 7.Bd3 b5
8.Qd2 Nbd7 9.O-O Bb7 10.e5 Ne8 11.Bh6 dxe5 12.Bxg7 Kxg7 13.dxe5
Nc5 14.Rfd1 Ne6 15.Qe3 Qb6 16.Be4 N8c7 17.Rd7 {Diagramme #} Qxe3
18.fxe3 Rfd8 19.Rad1 Kf8 20.Rxd8+ Rxd8 21.Rxd8+ Nxd8 22.b4 Ke8
23.Nd4 Kd7 24.Kf2 Nce6 25.Nb3 a6 26.Bf3 c5 27.bxc5 Bxf3 28.gxf3
Kc6 29.a4 Nb7 30.axb5+ axb5 31.Nd4+ Kxc5 32.Ncxb5 Nxd4 33.Nxd4
Kd5 34.f4 Na5 35.Ke2 Nc4 36.Nb5 f6 37.exf6 exf6 38.Nc3+ Ke6 39.Kd3
Nd6 40.Ne4 Nf5 41.c4 Ne7 42.Ng3 g5 43.Kd4 {Diagramme #} gxf4
44.exf4 Kd6 45.Ke4 Kc5 46.Nf5 Nc8 47.Kd3 Nb6 48.Ne3 f5 49.h4
h5 50.Nxf5 Nxc4 51.Ng3 Kd5 52.Nxh5 Nd6 53.Ng7 Nf7 54.Ke3 Nh6
55.Kf3 Kd4 56.Ne8 Kd5 57.Nf6+ Ke6 58.Ne4 Kd5 59.Nf6+ Ke6 60.Ng4
Nf5 61.h5 Nh4+ 62.Kf2 Nf5 63.Ne3 Nd6 64.Kf3 Kf7 65.Kg4 Kf6 66.Nd5+
Ke6 67.Nc3 Kf6 68.Ne2 Nf5 69.Ng3 Nd6 70.Kh3 Nf7 71.Kh4 Nh6 72.Ne2
Kf5 73.Kg3 Ke4 74.Nc3+ Ke3 75.Nd5+ Kd4 76.Nf6 Nf7 77.Kg4 Ke3
78.Ng8 Ke4 79.h6 1-0

[Event "XXVII e Open de Metz"]
[Site "Palais des Sports de Metz"]
[Date "2009.??.??"]
[Round "7.12"]
[White "Migot, Tanguy"]
[Black "Abbasov, Farid"]
[Result "0-1"]
[WhiteElo "2072"]
[BlackElo "2577"]
[Annotator ""]
[Source ""]
[Remark ""]

1.e4 g6 2.d4 Bg7 3.Nc3 c6 4.Be3 Qb6 5.Rb1 d6 6.Be2 Nd7 7.Nf3
Ngf6 8.h3 O-O 9.O-O Qc7 10.a4 Re8 11.Qd2 b6 12.Bc4 Bb7 13.Rbd1
Rad8 {Diagramme #} 14.Qe2 d5 15.exd5 cxd5 16.Bb3 e6 17.Rfe1 a6
18.Bg5 Rc8 19.Qe3 Bc6 20.Bh6 Bh8 21.Bf4 Qb7 22.Ne5 Nxe5 23.Bxe5
Bg7 24.Ra1 a5 25.Ne2 Qe7 26.c3 Red8 27.Nc1 Ne8 28.Bxg7 Kxg7 29.Nd3
Nd6 30.Ne5 Bb7 31.Ng4 h5 32.Qh6+ Kg8 33.Ne5 Qf8 34.Qf4 Qg7 35.Bc2
Ne4 36.Nf3 Re8 37.Ng5 Nxg5 38.Qxg5 Bc6 39.Qe5 Qxe5 40.Rxe5 Kg7
41.f4 h4 42.Kf2 Rh8 43.g4 hxg3+ 44.Kxg3 Bd7 45.h4 Rb8 46.Bd1
Rh6 47.Re2 Kf6 48.Rh2 Ke7 49.Be2 Rbh8 50.Bd3 Kd6 51.Bc2 Rb8 52.Bd3
Rhh8 53.Be2 Rh6 54.Bd3 b5 55.axb5 Bxb5 56.Bxb5 Rxb5 57.Kg4 Ke7
58.Ra2 Kf6 59.Ra1 Rh8 60.Re1 Rhb8 61.Ree2 a4 62.Rc2 Rb3 63.Rhf2
Rc8 64.Rf3 Rc4 65.Re3 Rxd4 66.Rxe6+ fxe6 67.cxd4 Rd3 68.Rc8 Rxd4
69.Rf8+ Kg7 70.Re8 Kf7 71.Ra8 e5 72.Ra7+ Kf6 73.Ra6+ Ke7 74.Ra7+
Kd6 75.Ra6+ Kc5 76.Kg5 {Diagramme #} Rxf4 77.Ra5+ Kc6 78.Ra6+
Kb5 79.Re6 Rf2 80.Rxe5 Rg2+ 81.Kf4 Kc4 82.Re6 d4 83.Ra6 Kb3 84.Ke4
Rxb2 85.Kxd4 Rd2+ 86.Ke3 Rg2 87.Kd3 a3 88.Rb6+ Ka4 89.Kc4 Rc2+
90.Kd3 Rc5 91.Rxg6 a2 92.Rg1 Kb3 93.Ke3 Rh5 94.Rh1 Rxh4 95.Rxh4
a1Q 96.Rd4 Qg1+ 97.Ke4 Kc3 98.Rd3+ Kc4 99.Re3 0-1

[Event "XXVII e Open de Metz"]
[Site "Palais des Sports de Metz"]
[Date "2009.??.??"]
[Round "7.14"]
[White "Spirin, Oleg"]
[Black "Eingorn, Vereslav S"]
[Result "1/2-1/2"]
[WhiteElo "2437"]
[BlackElo "2560"]
[Annotator ""]
[Source ""]
[Remark ""]

1.d4 e6 2.c4 Bb4+ 3.Nc3 c5 4.a3 Bxc3+ 5.bxc3 Nc6 6.e3 d6 7.Bd3
e5 8.d5 Nce7 9.e4 Ng6 10.Ne2 Nh4 11.O-O g5 12.Ng3 h6 13.Nf5 Nxf5
14.exf5 Bd7 15.Re1 Qf6 16.g4 Qg7 17.f3 h5 18.Ra2 {Diagramme #} 1/2-1/2

[Event "XXVII e Open de Metz"]
[Site "Palais des Sports de Metz"]
[Date "2009.??.??"]
[Round "7.30"]
[White "Dreux, Vincent"]
[Black "Van Rienen, Willy"]
[Result "1-0"]
[WhiteElo "1940"]
[BlackElo "2050"]
[Annotator ""]
[Source ""]
[Remark ""]

1.c4 e5 2.Nc3 Nf6 3.Nf3 Nc6 4.g3 Bc5 5.Bg2 O-O 6.O-O a6 7.e3
d6 8.a3 Bg4 9.Qc2 Qd7 10.b4 Ba7 {Diagramme #} 11.Re1 Rfe8 12.Bb2
h6 13.d3 Bh3 14.Bh1 Qf5 15.Nd5 Nxd5 16.cxd5 Ne7 17.Qxc7 Qd7 18.Qxd7
Bxd7 19.e4 f5 20.Rac1 Bb5 21.d4 fxe4 22.Rxe4 Bd3 23.Ree1 e4 24.Nd2
Nxd5 25.Nxe4 Rad8 26.Nd2 Rxe1+ 27.Rxe1 Nb6 28.Bxb7 Na4 29.Ba1
Kf8 30.Rc1 Nb6 31.Be4 Bxe4 32.Nxe4 d5 33.Nc5 Re8 34.Bc3 a5 35.bxa5
Nc4 36.Bb4 Kf7 37.Kf1 Ra8 38.Re1 Bxc5 39.dxc5 Nxa5 40.Re5 d4
41.Rd5 Nc4 42.Rxd4 Nxa3 43.Bxa3 Rxa3 44.Rc4 Ke7 45.c6 Kd8 46.c7+
Kc8 47.Kg2 Rd3 48.h3 Rd7 49.f4 Rxc7 50.Rxc7+ Kxc7 51.Kf3 {Diagramme #}
Kd7 52.Ke4 Ke7 53.Ke5 Kf7 54.g4 Ke7 55.h4 Kf7 56.f5 Ke7 57.g5
hxg5 58.hxg5 Kf7 59.Kd6 Kf8 60.g6 Ke8 61.Ke6 Kf8 62.Kd7 Kg8 63.Ke7
Kh8 64.f6 gxf6 65.Kf7 1-0

[Event "XXVII e Open de Metz"]
[Site "Palais des Sports de Metz"]
[Date "2009.04.17"]
[Round "8.2"]
[White "Horvath, Adam"]
[Black "Iordachescu, Viorel"]
[Result "1-0"]
[WhiteElo "2519"]
[BlackElo "2608"]
[Annotator ""]
[Source ""]
[Remark ""]

1.e4 c6 2.d4 d5 3.Nc3 dxe4 4.Nxe4 Bf5 5.Ng3 Bg6 6.h4 h6 7.Nf3
Nd7 8.h5 Bh7 9.Bd3 Bxd3 10.Qxd3 e6 11.Bd2 Ngf6 12.O-O-O Be7 13.Qe2
O-O 14.Nf1 Nb6 15.g4 Qd5 16.Kb1 Qb5 {Diagramme #} 17.Qxb5 cxb5
18.Ne5 Rfd8 19.Ba5 Nfd5 20.Rh2 Bf6 21.f4 Be7 22.Re2 Nf6 23.Ne3
b4 24.f5 exf5 25.Nxf5 Bf8 26.a3 bxa3 27.c4 Re8 28.Rde1 axb2 29.Rxb2
Re6 30.c5 Nbd5 31.Rxb7 Rae8 32.Rc1 Ra6 33.Be1 Rae6 34.Ba5 Ra6
35.Be1 Rae6 36.Bh4 Ne4 37.Nxf7 Nd2+ 38.Kb2 Re2 39.Ka3 Nf3 40.N7d6
Nxh4 41.Nxe8 Nxf5 42.gxf5 Rxe8 43.Kb3 a5 44.Ra1 {Diagramme #}
Ra8 45.Rb5 a4+ 46.Rxa4 Rxa4 47.Kxa4 Nc3+ 48.Kb4 Nxb5 49.Kxb5
Kf7 50.Kc6 Ke8 51.Kc7 Be7 1-0

[Event "XXVII e Open de Metz"]
[Site "Palais des Sports de Metz"]
[Date "2009.04.17"]
[Round "8.3"]
[White "Bauer, Christian"]
[Black "Savchenko, Stanislav"]
[Result "1/2-1/2"]
[WhiteElo "2605"]
[BlackElo "2529"]
[Annotator ""]
[Source ""]
[Remark ""]

1.e4 c5 2.Nf3 d6 3.Bc4 Nf6 4.d3 Nc6 5.O-O g6 6.c3 Bg7 7.Bb3 O-O
8.Re1 e5 9.Be3 {Diagramme #} Be6 10.Nbd2 h6 11.h3 Ne8 12.Nf1
Nc7 13.Rc1 Bxb3 14.Qxb3 b6 15.Rcd1 d5 16.Bd2 d4 17.cxd4 Nxd4
18.Nxd4 Qxd4 19.Ne3 Rfd8 20.Bc3 Qd6 21.a4 Rd7 {Diagramme #} 1/2-1/2

[Event "XXVII e Open de Metz"]
[Site "Palais des Sports de Metz"]
[Date "2009.04.17"]
[Round "8.4"]
[White "Vernay, Clovis"]
[Black "Spraggett, Kevin"]
[Result "1/2-1/2"]
[WhiteElo "2440"]
[BlackElo "2601"]
[Annotator ""]
[Source ""]
[Remark ""]

1.d4 Nf6 2.c4 e6 3.Nc3 c5 4.d5 exd5 5.cxd5 d6 6.e4 g6 7.f4 Bg7
8.Bb5+ Nfd7 9.a4 O-O 10.Nf3 Na6 11.O-O Nc7 {Diagramme #} 12.Bc4
Nb6 13.Ba2 Bg4 14.h3 Bxf3 15.Qxf3 Nd7 16.Be3 Ne8 17.Rad1 Nef6
18.Nb5 Ne8 19.Nc3 Nef6 20.Nb5 1/2-1/2

[Event "XXVII e Open de Metz"]
[Site "Palais des Sports de Metz"]
[Date "2009.04.17"]
[Round "8.5"]
[White "David, Alberto"]
[Black "Shchekachev, Andrei"]
[Result "1-0"]
[WhiteElo "2587"]
[BlackElo "2532"]
[Annotator ""]
[Source ""]
[Remark ""]

1.d4 Nf6 2.c4 g6 3.Nc3 Bg7 4.e4 d6 5.Nf3 O-O 6.Be2 e5 7.O-O c6
8.d5 Na6 9.Be3 Ng4 10.Bg5 {Diagramme #} f6 11.Bh4 c5 12.Ne1 h5
13.h3 Nh6 14.Nd3 Nb4 15.Ne1 Qe8 16.a3 Na6 17.Rb1 f5 18.Nb5 Nf7
19.exf5 Bxf5 20.Nc2 Qd7 21.b4 Bh6 22.Rb3 Bf4 23.Ne3 Nh6 24.Bg3
b6 25.Re1 Bxe3 {Diagramme #} 26.Rxe3 cxb4 27.Qd2 b3 28.Nxd6 Qxd6
29.Rxe5 Qf6 30.Qxh6 b2 31.Bf3 Qg7 32.Qxg7+ Kxg7 33.Re7+ Kf6 34.d6
b1Q 35.Be5+ Kg5 36.h4+ Kxh4 37.Rxb1 Bxb1 38.Bxa8 Rxa8 39.d7 Nc5
40.Re8 Nxd7 41.Bg3+ Kg5 42.Rxa8 a5 43.Ra7 Bf5 44.Bc7 Kf6 45.Bxb6 1-0

[Event "XXVII e Open de Metz"]
[Site "Palais des Sports de Metz"]
[Date "2009.04.17"]
[Round "8.8"]
[White "Balogh, Csaba"]
[Black "Drenchev, Petar"]
[Result "0-1"]
[WhiteElo "2609"]
[BlackElo "2450"]
[Annotator ""]
[Source ""]
[Remark ""]

1.e4 c5 2.Nf3 d6 3.Nc3 Nf6 4.d4 cxd4 5.Qxd4 Nc6 6.Bb5 Bd7 7.Bxc6
Bxc6 8.Bg5 e6 9.O-O-O Be7 10.Qd3 O-O 11.Nd4 Qa5 12.h4 Rfc8 13.Kb1
Rab8 14.f3 b5 {Diagramme #} 15.g4 b4 16.Nce2 Ba4 17.b3 Be8 18.Bc1
Rb6 19.Bb2 d5 20.g5 dxe4 21.fxe4 Nd7 22.Nc1 Ne5 23.Qe3 Qc5 24.Rd2
a5 25.Nd3 Nxd3 26.cxd3 Rbb8 27.Rc2 Qd6 28.Rxc8 Rxc8 29.Nf3 Rd8
30.d4 a4 31.Ne5 axb3 32.axb3 Qa6 33.Rc1 Ra8 34.Rc2 f6 35.Nc4
Bg6 36.gxf6 Bxf6 37.Rh2 Qc6 38.Nd2 Rc8 39.Qd3 Bxd4 40.Qxd4 Qc2+
{Diagramme} 0-1

[Event "XXVII e Open de Metz"]
[Site "Palais des Sports de Metz"]
[Date "2009.04.17"]
[Round "9.1"]
[White "Guliyev, Namig"]
[Black "Horvath, Adam"]
[Result "1/2-1/2"]
[WhiteElo "2534"]
[BlackElo "2519"]
[Annotator ""]
[Source ""]
[Remark ""]

1.e4 d6 2.d4 e5 3.dxe5 dxe5 4.Qxd8+ Kxd8 5.Bc4 Be6 6.Bxe6 fxe6
7.Nf3 Bd6 8.Be3 Nf6 9.Nbd2 {Diagramme #} Ke7 10.Ke2 Nbd7 11.Ne1
Bc5 12.Nd3 Bxe3 13.Kxe3 Ng4+ 14.Ke2 Ngf6 15.f3 Ne8 16.Nc4 Kf6
17.a4 Nd6 1/2-1/2